Ciencia visual / (Registro nro. 4448)
[ vista simple ]
| 000 -LEADER | |
|---|---|
| fixed length control field | 00867nam a2200229Ia 4500 |
| 008 - FIXED-LENGTH DATA ELEMENTS--GENERAL INFORMATION | |
| fixed length control field | 191128s9999 xx 000 0 und d |
| 082 ## - DEWEY DECIMAL CLASSIFICATION NUMBER | |
| Classification number | R 500 |
| 082 ## - DEWEY DECIMAL CLASSIFICATION NUMBER | |
| Item number | C569c |
| 245 #0 - TITLE STATEMENT | |
| Title | Ciencia visual / |
| 245 #0 - TITLE STATEMENT | |
| Statement of responsibility, etc. | traducción Gloria Méndez Seijido |
| 260 ## - PUBLICATION, DISTRIBUTION, ETC. | |
| Place of publication, distribution, etc. | Bogotá |
| 260 ## - PUBLICATION, DISTRIBUTION, ETC. | |
| Name of publisher, distributor, etc. | Casa editorial El tiempo |
| 260 ## - PUBLICATION, DISTRIBUTION, ETC. | |
| Date of publication, distribution, etc. | 1995 |
| 300 ## - PHYSICAL DESCRIPTION | |
| Extent | 272 páginas |
| 300 ## - PHYSICAL DESCRIPTION | |
| Other physical details | fotografías a color |
| 300 ## - PHYSICAL DESCRIPTION | |
| Dimensions | 30 cm |
| 505 ## - FORMATTED CONTENTS NOTE | |
| Formatted contents note | Materia y química -- Luz y energía -- El universo -- Electricidad y electrónica -- Tecnología |
| 520 ## - SUMMARY, ETC. | |
| Summary, etc. | Ciencia visual es una obra creada originalmente por Dorling Kindersley de Inglaterra y editada de manera exclusiva en Colombia por la Casa editorial El tiempo |
| 546 ## - LANGUAGE NOTE | |
| Language note | spa |
| 650 ## - SUBJECT ADDED ENTRY--TOPICAL TERM | |
| Topical term or geographic name entry element | Ciencia Agua Química Fuerza y energía Astronomía Luz Espacio y tiempo-- |
| 799 ## - LOCAL ADDED ENTRY--UNIFORM TITLE (RLIN) | |
| Uniform title | Méndez Seijido, Gloria, traductora |
| Withdrawn status | Lost status | Materials specified (bound volume or other part) | Damaged status | Not for loan | Collection code | Home library | Current library | Date acquired | Total Checkouts | Full call number | Barcode | Date last seen | Date last checked out | Copy number | Price effective from | Koha item type |
|---|---|---|---|---|---|---|---|---|---|---|---|---|---|---|---|---|
| Donación--02/10/2018-- | Biblioteca Pública José María del Castillo y Rada | Biblioteca Pública José María del Castillo y Rada | 11/28/2019 | 1 | R 500 C569c | 201809315 | 01/29/2024 | 02/14/2020 | Ej.1 | 11/28/2019 | Books |